Dream Smp Member - Statistics

General Stats
  • This quiz has been taken 120 times
  • The average score is 13 of 19
Answer Stats
Hint Answer % Correct
Green Dream
100%
Colour-blind George
95%
Loves bees Tubbo
95%
Blood god Techno
91%
Mexican Quackity
89%
Dad of 3 Philza
88%
Fire Sapnap
88%
Wears red Tommy
88%
Pun Punz
86%
Tallest member Ranbbo
85%
Rose Hannah
79%
Has pink hair Niki
69%
Bedwars Purpled
66%
Pussy Puffy
55%
Slime Charlie
53%
Sheeeeeeeeeeeesh Jack
52%
Heart attack Jshlatt
27%
Also Green Drista
20%
Falls of chairs Minx
2%
No matching quizzes found
Score Distribution
Percent of People with Each Score
Percentile by Number Answered
Your Score History
You have not taken this quiz